Normal view
MARC view
Entry Personal Name
001 - CONTROL NUMBER
- control field: 48401
003 - CONTROL NUMBER IDENTIFIER
- control field: ARRUPE
005 - DATE AND TIME OF LATEST TRANSACTION
- control field: 20191017100607.0
008 - FIXED-LENGTH DATA ELEMENTS
- fixed length control field: 191017|| aca||aabn | a|a d
040 ## - CATALOGING SOURCE
- Original cataloging agency: ARRUPE
- Transcribing agency: ARRUPE
100 ## - HEADING--PERSONAL NAME
- Personal name: Faundez, Antonio.
670 ## - SOURCE DATA FOUND
- Source citation: Work cat.: (ARRUPE)0: Freire, Paulo, 1921-1997. 26953, Learning to question :, 1989.